| 000 | 00703nam a2200169 a 4500 | ||
|---|---|---|---|
| 008 | 120416s1957 ||||||||||||||||| || u | ||
| 050 | _aNA 950 Pev | ||
| 100 | _aPevsner, Nikolaus | ||
| 245 | 1 | 3 | _aAn outline of European architecture |
| 250 | _a5th ed. | ||
| 260 |
_aHarmondsworth _bPenguin _c1957 |
||
| 300 | _a328p. : ill. | ||
| 350 | _a0.00 | ||
| 650 | _aARCHITECTURE--EUROPE | ||
| 995 |
_D0.00 _FCBU-MAIN LIBRARY (Kitwe) _H1 _I0.00 _M2 _UDAMAGED _WNov 27, 2007 _ZMain Library Open Access Collection |
||
| 995 |
_D0.00 _FCBU-MAIN LIBRARY (Kitwe) _H1 _I0.00 _M1 _UAVAILABLE _ZAnnex Low-Usage Collection |
||
| 999 |
_c81714 _d81714 |
||